Introducción a la bioética

Guardado en:
書目詳細資料
主要作者: Marlasca, Antonio
格式: 圖書
語言:Undetermined
出版: Heredia, Costa Rica Facultad de Filosofía y Letras, Universidad Nacional 2001
主題:
標簽: 添加標簽
沒有標簽, 成為第一個標記此記錄!

MARC

LEADER 00000nam a2200000Ia 4500
008 170316s9999 xx 000 0 und d
090 |a 100 M-15.1i 
100 |a Marlasca, Antonio 
245 |a Introducción a la bioética 
260 |a Heredia, Costa Rica 
260 |b Facultad de Filosofía y Letras, Universidad Nacional 
260 |c 2001 
300 |a 286 páginas 
650 |a FILOSOFÍA 
650 |a BIOÉTICA 
999 |c 16922  |d 16922 
040 |a cru BVZT 
942 |c 15 D  |h 100 M-15.1i  |2 z